<?xml version="1.0" encoding="UTF-8"?>
<collection xmlns="http://www.loc.gov/MARC21/slim">
 <record>
  <leader>02904cam a2200589   4500</leader>
  <controlfield tag="001">1071484540</controlfield>
  <controlfield tag="003">DE-627</controlfield>
  <controlfield tag="005">20240831111424.0</controlfield>
  <controlfield tag="007">tu</controlfield>
  <controlfield tag="008">850101s1963    gw |||||      00| ||ger c</controlfield>
  <datafield tag="035" ind1=" " ind2=" ">
   <subfield code="a">(DE-627)1071484540</subfield>
  </datafield>
  <datafield tag="035" ind1=" " ind2=" ">
   <subfield code="a">(DE-576)001484540</subfield>
  </datafield>
  <datafield tag="035" ind1=" " ind2=" ">
   <subfield code="a">(DE-599)BSZ001484540</subfield>
  </datafield>
  <datafield tag="035" ind1=" " ind2=" ">
   <subfield code="a">(OCoLC)1109721</subfield>
  </datafield>
  <datafield tag="035" ind1=" " ind2=" ">
   <subfield code="a">(OCoLC)01109721</subfield>
  </datafield>
  <datafield tag="035" ind1=" " ind2=" ">
   <subfield code="a">(OCoLC)602513453</subfield>
  </datafield>
  <datafield tag="035" ind1=" " ind2=" ">
   <subfield code="a">(DE-604)802287481x</subfield>
  </datafield>
  <datafield tag="040" ind1=" " ind2=" ">
   <subfield code="a">DE-627</subfield>
   <subfield code="b">ger</subfield>
   <subfield code="c">DE-627</subfield>
   <subfield code="e">rakwb</subfield>
  </datafield>
  <datafield tag="041" ind1=" " ind2=" ">
   <subfield code="a">ger</subfield>
  </datafield>
  <datafield tag="044" ind1=" " ind2=" ">
   <subfield code="c">XA-DE-BW</subfield>
  </datafield>
  <datafield tag="082" ind1="0" ind2=" ">
   <subfield code="a">729.91</subfield>
  </datafield>
  <datafield tag="084" ind1=" " ind2=" ">
   <subfield code="a">9,10</subfield>
   <subfield code="a">1</subfield>
   <subfield code="2">ssgn</subfield>
  </datafield>
  <datafield tag="084" ind1=" " ind2=" ">
   <subfield code="a">LK 81410</subfield>
   <subfield code="2">rvk</subfield>
   <subfield code="0">(DE-625)rvk/98404:</subfield>
  </datafield>
  <datafield tag="100" ind1="1" ind2=" ">
   <subfield code="a">Paatz, Walter</subfield>
   <subfield code="d">1902-1978</subfield>
   <subfield code="0">(DE-588)116011335</subfield>
   <subfield code="0">(DE-627)13646176X</subfield>
   <subfield code="0">(DE-576)16246424X</subfield>
   <subfield code="4">aut</subfield>
  </datafield>
  <datafield tag="245" ind1="1" ind2="0">
   <subfield code="a">Süddeutsche Schnitzaltäre der Spätgotik</subfield>
   <subfield code="b">die Meisterwerke während ihrer Entfaltung zur Hochblüte (1465-1500)</subfield>
   <subfield code="c">Walter Paatz</subfield>
  </datafield>
  <datafield tag="246" ind1="3" ind2="0">
   <subfield code="a">vierzehnhundertfünfundsechzig fünfzehnhundert</subfield>
  </datafield>
  <datafield tag="264" ind1=" " ind2="1">
   <subfield code="a">Heidelberg</subfield>
   <subfield code="b">Winter</subfield>
   <subfield code="c">1963</subfield>
  </datafield>
  <datafield tag="300" ind1=" " ind2=" ">
   <subfield code="a">128, XLVIII S.</subfield>
   <subfield code="b">zahlr. Ill.</subfield>
  </datafield>
  <datafield tag="336" ind1=" " ind2=" ">
   <subfield code="a">Text</subfield>
   <subfield code="b">txt</subfield>
   <subfield code="2">rdacontent</subfield>
  </datafield>
  <datafield tag="337" ind1=" " ind2=" ">
   <subfield code="a">ohne Hilfsmittel zu benutzen</subfield>
   <subfield code="b">n</subfield>
   <subfield code="2">rdamedia</subfield>
  </datafield>
  <datafield tag="338" ind1=" " ind2=" ">
   <subfield code="a">Band</subfield>
   <subfield code="b">nc</subfield>
   <subfield code="2">rdacarrier</subfield>
  </datafield>
  <datafield tag="490" ind1="1" ind2=" ">
   <subfield code="a">Heidelberger kunstgeschichtliche Abhandlungen</subfield>
   <subfield code="v">N.F., 8</subfield>
  </datafield>
  <datafield tag="583" ind1="1" ind2=" ">
   <subfield code="3">Signatur:OZB 19,NF,8</subfield>
   <subfield code="a">Massenentsäuert</subfield>
   <subfield code="c">20200917</subfield>
   <subfield code="i">METE</subfield>
   <subfield code="2">pdager</subfield>
   <subfield code="5">DE-31</subfield>
  </datafield>
  <datafield tag="583" ind1="1" ind2=" ">
   <subfield code="a">Archivierung/Langzeitarchivierung gewährleistet</subfield>
   <subfield code="f">PEBW</subfield>
   <subfield code="x">XA-DE-BW</subfield>
   <subfield code="2">pdager</subfield>
   <subfield code="5">DE-31</subfield>
  </datafield>
  <datafield tag="583" ind1="1" ind2=" ">
   <subfield code="a">Archivierung/Langzeitarchivierung gewährleistet</subfield>
   <subfield code="f">SSG</subfield>
   <subfield code="x">XA-DE-BW</subfield>
   <subfield code="2">pdager</subfield>
   <subfield code="5">DE-21</subfield>
  </datafield>
  <datafield tag="583" ind1="1" ind2=" ">
   <subfield code="a">Archivierung/Langzeitarchivierung gewährleistet</subfield>
   <subfield code="f">SSG</subfield>
   <subfield code="x">XA-DE-BW</subfield>
   <subfield code="2">pdager</subfield>
   <subfield code="5">DE-16</subfield>
  </datafield>
  <datafield tag="689" ind1="0" ind2="0">
   <subfield code="d">g</subfield>
   <subfield code="0">(DE-588)4078022-3</subfield>
   <subfield code="0">(DE-627)104729082</subfield>
   <subfield code="0">(DE-576)209207019</subfield>
   <subfield code="a">Süddeutschland</subfield>
   <subfield code="2">gnd</subfield>
  </datafield>
  <datafield tag="689" ind1="0" ind2="1">
   <subfield code="d">s</subfield>
   <subfield code="0">(DE-588)4179895-8</subfield>
   <subfield code="0">(DE-627)105330035</subfield>
   <subfield code="0">(DE-576)209994436</subfield>
   <subfield code="a">Schnitzaltar</subfield>
   <subfield code="2">gnd</subfield>
  </datafield>
  <datafield tag="689" ind1="0" ind2="2">
   <subfield code="a">z</subfield>
   <subfield code="2">gnd</subfield>
   <subfield code="a">Geschichte 1465-1500</subfield>
  </datafield>
  <datafield tag="689" ind1="0" ind2=" ">
   <subfield code="5">(DE-627)</subfield>
  </datafield>
  <datafield tag="776" ind1="0" ind2="8">
   <subfield code="i">Erscheint auch als</subfield>
   <subfield code="n">Online-Ausgabe</subfield>
   <subfield code="a">Paatz, Walter, 1902 - 1978</subfield>
   <subfield code="t">Süddeutsche Schnitzaltäre der Spätgotik</subfield>
   <subfield code="d">Heidelberg : Winter, 1963</subfield>
   <subfield code="h">128, XLVIII S.</subfield>
   <subfield code="w">(DE-627)1562454919</subfield>
   <subfield code="w">(DE-576)492454914</subfield>
  </datafield>
  <datafield tag="787" ind1="0" ind2="8">
   <subfield code="i">Rezensiert in</subfield>
   <subfield code="a">Schmoll, Josef A., 1915 - 2010</subfield>
   <subfield code="t">[Rezension von: Walter Paatz, Süddeutsche Schnitzaltäre der Spätgotik]</subfield>
   <subfield code="d">Nürnberg : Carl, 1965</subfield>
   <subfield code="w">(DE-627)1823746950</subfield>
  </datafield>
  <datafield tag="830" ind1=" " ind2="0">
   <subfield code="a">Heidelberger kunstgeschichtliche Abhandlungen</subfield>
   <subfield code="v">N.F., 8</subfield>
   <subfield code="9">1008</subfield>
   <subfield code="w">(DE-627)13009885X</subfield>
   <subfield code="w">(DE-576)028450604</subfield>
   <subfield code="w">(DE-600)501633-2</subfield>
   <subfield code="x">0438-9093</subfield>
   <subfield code="7">ns</subfield>
  </datafield>
  <datafield tag="889" ind1=" " ind2=" ">
   <subfield code="w">(DE-627)17172058X</subfield>
  </datafield>
  <datafield tag="935" ind1=" " ind2=" ">
   <subfield code="i">mdedup</subfield>
  </datafield>
  <datafield tag="936" ind1="r" ind2="v">
   <subfield code="a">LK 81410</subfield>
   <subfield code="b">gotisch</subfield>
   <subfield code="k">Kunstgeschichte</subfield>
   <subfield code="k">Kunst nach Ländern bzw. Kontinenten</subfield>
   <subfield code="k">Deutschland</subfield>
   <subfield code="k">Deutsche Kunstgeschichte nach Gattungen</subfield>
   <subfield code="k">Skulptur (Plastik)</subfield>
   <subfield code="k">Skulpturgeschichte einzelner Epochen</subfield>
   <subfield code="k">gotisch</subfield>
   <subfield code="0">(DE-627)1271168766</subfield>
   <subfield code="0">(DE-625)rvk/98404:</subfield>
   <subfield code="0">(DE-576)201168766</subfield>
  </datafield>
  <datafield tag="951" ind1=" " ind2=" ">
   <subfield code="a">BO</subfield>
  </datafield>
  <datafield tag="990" ind1=" " ind2=" ">
   <subfield code="a">Süddeutschland</subfield>
  </datafield>
  <datafield tag="990" ind1=" " ind2=" ">
   <subfield code="a">Schnitzaltar</subfield>
  </datafield>
  <datafield tag="990" ind1=" " ind2=" ">
   <subfield code="a">Geschichte 1465-1500</subfield>
  </datafield>
  <datafield tag="991" ind1=" " ind2=" ">
   <subfield code="a">Rezensiertes Werk</subfield>
  </datafield>
  <datafield tag="999" ind1=" " ind2=" ">
   <subfield code="a">KXP-PPN1071484540</subfield>
   <subfield code="e">4315639583</subfield>
  </datafield>
 </record>
</collection>
